CIVILIZATION AND CAPITALISM 15th-18th CENTURY ,VOL 1.THE STRUCTURES OF EVERYDAY LIFE / (Record no. 616970)
[ view plain ]
| 000 -LEADER | |
|---|---|
| fixed length control field | 00425nam a22001457a 4500 |
| 020 ## - INTERNATIONAL STANDARD BOOK NUMBER | |
| Qualifying information | HB. |
| 040 ## - CATALOGING SOURCE | |
| Transcribing agency | FIZZA ISHAQ |
| 082 ## - DEWEY DECIMAL CLASSIFICATION NUMBER | |
| Classification number | 909.8 |
| Author Mark | FER |
| 100 ## - MAIN ENTRY--PERSONAL NAME | |
| Personal name | BRAUDEL,FERNAND. |
| 9 (RLIN) | 134043 |
| 245 ## - TITLE STATEMENT | |
| Title | CIVILIZATION AND CAPITALISM 15th-18th CENTURY ,VOL 1.THE STRUCTURES OF EVERYDAY LIFE / |
| Statement of responsibility, etc. | FERNAND BRAUDEL. |
| 250 ## - EDITION STATEMENT | |
| Edition statement | 1st ED. |
| 260 ## - PUBLICATION, DISTRIBUTION, ETC. | |
| Place of publication, distribution, etc. | NEW YORK ; |
| Name of publisher, distributor, etc. | HARPER & ROW, |
| Date of publication, distribution, etc. | 1979. |
| 300 ## - PHYSICAL DESCRIPTION | |
| Extent | 623 P. ; |
| Dimensions | 9.6X7IN |
| 942 ## - ADDED ENTRY ELEMENTS (KOHA) | |
| Source of classification or shelving scheme | |
| Koha item type | Book |
| Withdrawn status | Lost status | Source of classification or shelving scheme | Damaged status | Not for loan | Permanent Location | Current Location | Shelving location | Date acquired | Total Checkouts | Full call number | Barcode | Date last seen | Price effective from | Koha item type |
|---|---|---|---|---|---|---|---|---|---|---|---|---|---|---|
| NUST Baluchistan Campus (NBC) | NUST Baluchistan Campus (NBC) | General Stacks | 04/13/2026 | 909.8 FER | QD-638 | 04/13/2026 | 04/13/2026 | Book |
